000 004860000a22001930004500
001 003953
003 MACL
005 20150801120033.0
008 150801b xxu||||| |||| 00| 0 eng d
040 _aMACL
_cMACL
041 _aEnglish
082 _a351/SHA
100 _aSharma, Premlata
_91646
245 _aIssues In Indian Administration
_cPremlata Sharma
260 _aDelhi
_c2000
_bTime Books,
350 _a200
650 _aPublic Administration
_93961
942 _k351
_cBK
_2ddc
999 _c15846
_d15846